STATISTICS FOR MANAGEMENT (Record no. 14258)

MARC details
000 -LEADER
fixed length control field 00290nam a22001457a 4500
003 - CONTROL NUMBER IDENTIFIER
control field SGT
020 ## - INTERNATIONAL STANDARD BOOK NUMBER
International Standard Book Number 658.4
082 ## - DEWEY DECIMAL CLASSIFICATION NUMBER
Classification number LEV
100 ## - MAIN ENTRY--PERSONAL NAME
Personal name LEVIN, RICHARD I.
245 ## - TITLE STATEMENT
Title STATISTICS FOR MANAGEMENT
250 ## - EDITION STATEMENT
Edition statement 8TH
260 ## - PUBLICATION, DISTRIBUTION, ETC. (IMPRINT)
Place of publication, distribution, etc PEARSON INDIA
Year of Publication 2018
300 ## - PAGE DESCRIPTION
No. of Pages 985
942 ## - ADDED ENTRY ELEMENTS (KOHA)
Source of classification or shelving scheme Dewey Decimal Classification
Koha item type Books
Holdings
Withdrawn status Lost status Source of classification or shelving scheme Damaged status Not for loan Collection code Home library Current library Shelving location Date acquired Vendor Name Cost, normal purchase price SGTU Bill Number Total Checkouts Full call number Accession No. (Barcode) Date last seen Date last borrowed Bill Date Koha item type
    Dewey Decimal Classification     COMMERCE MANAGEMENT SGT Science & Social Sciences Library SGT Science & Social Sciences Library Text Book 27/12/2017 AHUJA BOOKS 749.00 SGTU 9088 1 LEV CM3901 13/04/2018 29/03/2018   Books
    Dewey Decimal Classification     COMMERCE MANAGEMENT SGT Science & Social Sciences Library SGT Science & Social Sciences Library Text Book 27/12/2017 AHUJA BOOKS 749.00 SGTU 9088 2 LEV CM3902 04/09/2019 13/08/2019   Books
    Dewey Decimal Classification     COMMERCE MANAGEMENT SGT Science & Social Sciences Library SGT Science & Social Sciences Library Text Book 27/12/2017 AHUJA BOOKS 749.00 SGTU 9088   LEV CM3903 27/12/2017     Books
    Dewey Decimal Classification     COMMERCE MANAGEMENT SGT Science & Social Sciences Library SGT Science & Social Sciences Library Text Book 27/12/2017 AHUJA BOOKS 749.00 SGTU 9088   LEV CM3904 27/12/2017     Books
    Dewey Decimal Classification     COMMERCE MANAGEMENT SGT Science & Social Sciences Library SGT Science & Social Sciences Library Text Book 27/12/2017 AHUJA BOOKS 749.00 SGTU 9088 2 LEV CM3905 09/03/2026 18/02/2026   Books